Statistics for Charmed

Click here to take the quiz!

General Stats

  • This quiz has been taken 1,304 times
  • The average score is 19 of 38

Answer Stats

QuestionAnswer% Correct
Who has the power to freeze and blow objects up?Piper
98%
How are the The Charmed Ones related to each other?Sisters
94%
How many children does Piper have?3
91%
Who reads the incantation in the Book of Shadows that gives the witches their power?Phoebe
90%
Who is Piper married to?Leo
89%
What year did the show start?1998
88%
Which Charmed One died at the end of series 3?Prue
88%
What year did the show end?2006
87%
In series 3, what does Phoebe discover her boyfriend is?A demon
83%
In series 4, who does Phoebe marry?Cole Turner/The Source
79%
What magical being is he?Whitelighter
69%
What was his name?Chris
67%
Which actress joined the series after that person died?Rose McGowan
59%
In series 2, Prue leaves her job to follow her dream at becoming what?Photographer
58%
Who is Paige's biological father?Sam Wilder
55%
Paige becomes headmistress of which school?Magic school
50%
Phoebe is stripped of her powers in which series?7
49%
Who is the demon of fear?Barbas
47%
Which demon killed her?Chax
47%
Phoebe gets turned into what demonic being after her break up with Cole?Banshee
46%
Whose son comes from the future to save his sibling from turning evil?Piper and Leo's
43%
Where does Prue work?Buckland's Auction House
41%
In series 1, which police officer is romantically linked with Prue?Andy Trudeau
36%
In the series finale, Phoebe marries what magical being?Cupid
34%
Who was this person's police partner?Darryl Morris
32%
What was his name?Coop
29%
Billie is trying to find her sister, Christy, who was what as a child?Kidnapped by demons
26%
Who does Paige marry?Henry Mitchell
25%
The Charmed Ones fake their death after vanquishing which demon?Zankou
24%
What is the evil Book of Shadows called?Grimoire
23%
Which actress plays Billie Jenkins?Kaley Cuoco
23%
And, what does she become after her marriage?Queen of the Underworld
23%
Leo is taken away by who in the final series?Angel of Destiny
18%
What happens to Christy at the end of the series?She is killed by Billie
13%
The girls pick new names as their fake identities, what name does Phoebe choose?Julie Bennet
10%
What was Billy Zane's good-natured demon character called?Drake De'mon
7%
Which famous supermodel visits the girl's house for their wake?Janice Dickinson
7%
In series 3, which demon is Prue forced to marry?Zile
4%

Score Distribution

Percentile by Number Answered

Percent of People with Each Score

Your Score History

You have not taken this quiz